Jak si vychovat skvělou asistentku
Dobrá asistentka je pravou rukou svojho šéfa. Zvládne prípravu dokumentov, zmlúv a podkladov. Rieši tonery, zaseknuté papiere v tlačiarni a stará sa o hostí. Proste poklad. Ako nastaviť pravidlá spolupráce, aby sa im spoločne dobre pracovalo.
Enregistré dans:
| Auteur principal: | |
|---|---|
| Format: | Chapitre de livre |
| Langue: | tchèque |
| Sujets: | |
| Tags: |
Pas de tags, Soyez le premier à ajouter un tag!
|
MARC
| LEADER | 00000naa a2200000 4500 | ||
|---|---|---|---|
| 001 | 0229608 | ||
| 005 | 20170426145346.9 | ||
| 041 | 0 | |a cze | |
| 044 | |a CZ | ||
| 245 | 1 | 0 | |a Jak si vychovat skvělou asistentku |c Kristýna Stoklásková |
| 520 | |a Dobrá asistentka je pravou rukou svojho šéfa. Zvládne prípravu dokumentov, zmlúv a podkladov. Rieši tonery, zaseknuté papiere v tlačiarni a stará sa o hostí. Proste poklad. Ako nastaviť pravidlá spolupráce, aby sa im spoločne dobre pracovalo. | ||
| 610 | 2 | 0 | |a sekretárky |
| 610 | 2 | 0 | |a manažéri |
| 610 | 2 | 0 | |a práca |
| 610 | 2 | 0 | |a kooperácia |
| 610 | 2 | 0 | |a vzťahy pracovné |
| 610 | 2 | 0 | |a schopnosti pracovné |
| 610 | 2 | 0 | |a informácie |
| 610 | 2 | 0 | |a väzba spätná |
| 100 | 1 | |a Stoklásková, Kristýna | |